सम्पूर्ण कहानियां / (Record no. 69377)
[ view plain ]
| 000 -LEADER | |
|---|---|
| fixed length control field | 02378nam a22003257a 4500 |
| 005 - DATE AND TIME OF LATEST TRANSACTION | |
| control field | 20120827153031.0 |
| 008 - FIXED-LENGTH DATA ELEMENTS--GENERAL INFORMATION | |
| fixed length control field | 120827t xxu||||| |||| 00| 0 hin d |
| 010 ## - LCCN (DPL NO) | |
| LC control number | HIN-96511-13 B-492442-444 |
| 020 ## - INTERNATIONAL STANDARD BOOK NUMBER | |
| International Standard Book Number | 9788176672535 |
| Terms of availability | 900.00 (पहला भाग) |
| 020 ## - INTERNATIONAL STANDARD BOOK NUMBER | |
| International Standard Book Number | 9788176672542 |
| Terms of availability | 800.00 (दूसरा भाग) |
| 020 ## - INTERNATIONAL STANDARD BOOK NUMBER | |
| International Standard Book Number | 9788176672559 |
| Terms of availability | 800.00 (तीसरा भाग) |
| 035 ## - SYSTEM CONTROL NUMBER | |
| System control number | HN-68857-59 B-492442-444 |
| 037 ## - SOURCE OF ACQUISITION | |
| Source of stock number/acquisition | यू.बी.एच. |
| 082 ## - DEWEY DECIMAL CLASSIFICATION NUMBER | |
| Classification number | क |
| 100 ## - MAIN ENTRY--PERSONAL NAME | |
| Personal name | हृदयेश |
| 9 (RLIN) | 51567 |
| 245 ## - TITLE STATEMENT | |
| Title | सम्पूर्ण कहानियां / |
| Statement of responsibility, etc | हृदयेश |
| 246 ## - VARYING FORM OF TITLE | |
| Title proper/short title | Sampoorna Kahaniyan |
| Remainder of title | by Hridyesh |
| 260 ## - PUBLICATION, DISTRIBUTION, ETC. (IMPRINT) | |
| Place of publication, distribution, etc | दिल्ली |
| Name of publisher, distributor, etc | भावना प्रकाशन |
| Date of publication, distribution, etc | 2011 |
| 270 ## - ADDRESS | |
| Address | 109-ए, पटपड़गंज |
| City | दिल्ली |
| Postal code | 110091 |
| Telephone number | 22756734 |
| 300 ## - PHYSICAL DESCRIPTION | |
| Extent | 3भाग(भाग-1,616पृ.भाग-2,560पृ.भाग-3552पृ.) |
| Dimensions | 22सेमी (सजिल्द) |
| 650 ## - SUBJECT ADDED ENTRY--TOPICAL TERM | |
| Topical term or geographic name as entry element | लघु कथाएँ, हिन्दी |
| 9 (RLIN) | 1169 |
| 942 ## - ADDED ENTRY ELEMENTS (KOHA) | |
| Source of classification or shelving scheme | Dewey Decimal Classification |
| Item type | Hindi Books |
| Classification part | क |
| Call number suffix | हृदये |
| Withdrawn status | Lost status | Source of classification or shelving scheme | Materials specified (bound volume or other part) | Damaged status | Not for loan | Collection code | Home library | Current library | Date acquired | Source of acquisition | Cost, normal purchase price | Total Checkouts | Full call number | Barcode | Date last seen | Copy number | Cost, replacement price | Koha item type |
|---|---|---|---|---|---|---|---|---|---|---|---|---|---|---|---|---|---|---|
| Dewey Decimal Classification | भाग-1 | Fiction | Central Library | Central Library | 19/02/2013 | यू.बी.एच./213/18.01.13/7/18.12.12/23.01.13 | 900.00 | क हृदये | B-492442 | 19/02/2013 | 1 | 900.00 | Hindi Books | |||||
| Dewey Decimal Classification | भाग-2 | Fiction | Central Library | Central Library | 19/02/2013 | यू.बी.एच./213/18.01.13/7/18.12.12/23.01.13 | 800.00 | क हृदये | B-492443 | 19/02/2013 | 1 | 800.00 | Hindi Books | |||||
| Dewey Decimal Classification | भाग-3 | Fiction | Central Library | Central Library | 19/02/2013 | यू.बी.एच./213/18.01.13/7/18.12.12/23.01.13 | 800.00 | 4 | क हृदये | B-492444 | 30/03/2019 | 1 | 800.00 | Hindi Books | ||||
| Dewey Decimal Classification | भाग-1 | Not For Loan | Fiction | D.B.Act.Division | D.B.Act.Division | 27/08/2012 | DBAD / PUB | 900.00 | क हृदये | HN-68857 | 27/08/2012 | 1 | 900.00 | Hindi Books | ||||
| Dewey Decimal Classification | भाग-2 | Not For Loan | Fiction | D.B.Act.Division | D.B.Act.Division | 27/08/2012 | DBAD / PUB | 800.00 | क हृदये | HN-68858 | 27/08/2012 | 1 | 800.00 | Hindi Books | ||||
| Dewey Decimal Classification | भाग-3 | Not For Loan | Fiction | D.B.Act.Division | D.B.Act.Division | 27/08/2012 | DBAD / PUB | 800.00 | क हृदये | HN-68859 | 27/08/2012 | 1 | 800.00 | Hindi Books |
